El siglo de oro (Record no. 7163)
[ view plain ]
| 000 -CABECERA | |
|---|---|
| campo de control de longitud fija | 00908nam a2200253 a 4500 |
| 001 - NÚMERO DE CONTROL | |
| campo de control | BRCA_7488 |
| 005 - FECHA Y HORA DE LA ÚLTIMA TRANSACCIÓN | |
| campo de control | 20190320205845.0 |
| 008 - DATOS DE LONGITUD FIJA--INFORMACIÓN GENERAL | |
| campo de control de longitud fija | 260413s1951----sp-a######---#000-0#spa-# |
| 041 ## - CÓDIGO DE LENGUA | |
| Código de lengua del texto/banda sonora o título independiente | spa |
| 044 ## - CÓDIGO DEL PAÍS DE LA ENTIDAD EDITORA/PRODUCTORA | |
| Código MARC del país | sp |
| 050 #4 - SIGNATURA TOPOGRÁFICA DE LA BIBLIOTECA DEL CONGRESO | |
| Número de clasificación | DP171 |
| Número de documento/Ítem | .I38 1951 |
| 100 1# - ENTRADA PRINCIPAL--NOMBRE DE PERSONA | |
| Nombre de persona | Igual Úbeda, Antonio |
| 9 (RLIN) | 18439 |
| 245 10 - MENCIÓN DE TÍTULO | |
| Título | El siglo de oro |
| Mención de responsabilidad, etc. | Antonio Igual Úbeda ; ilustraciones seleccionadas y clasificadas por Juan Subias Galter. |
| 260 ## - PUBLICACIÓN, DISTRIBUCIÓN, ETC. | |
| Lugar de publicación, distribución, etc. | Barcelona |
| Nombre del editor, distribuidor, etc. | Seix Barral |
| Fecha de publicación, distribución, etc. | 1951 |
| 300 ## - DESCRIPCIÓN FÍSICA | |
| Extensión | 652 p. |
| Otras características físicas | il. (algunas a color), 434 láminas |
| Dimensiones | 28 cm. |
| 500 ## - NOTA GENERAL | |
| Nota general | Incluye índice descriptivo de ilustraciones, índice de láminas e índice de materias |
| 500 ## - NOTA GENERAL | |
| Nota general | Estado físico: camisa rota, tapas y lomo desprendidos |
| 500 ## - NOTA GENERAL | |
| Nota general | R18 |
| 651 #4 - PUNTO DE ACCESO ADICIONAL DE MATERIA--NOMBRE GEOGRÁFICO | |
| Nombre geográfico | España |
| Subdivisión general | Civilización |
| 9 (RLIN) | 17237 |
| 651 #4 - PUNTO DE ACCESO ADICIONAL DE MATERIA--NOMBRE GEOGRÁFICO | |
| Nombre geográfico | España |
| Subdivisión general | Historia |
| Subdivisión cronológica | Casa Austria, 1516-1700 |
| 9 (RLIN) | 18440 |
| 700 1# - PUNTO DE ACCESO ADICIONAL--NOMBRE DE PERSONA | |
| Nombre de persona | Subias Galter, Juan |
| Término indicativo de función/relación | il. |
| 9 (RLIN) | 18441 |
| 902 ## - CATALOGADOR | |
| Iniciales | GFM |
| 942 ## - ELEMENTOS DE PUNTO DE ACCESO ADICIONAL (KOHA) | |
| Fuente del sistema de clasificación o colocación | Library of Congress Classification |
| Tipo de ítem Koha | Libros |
| Estado de retiro | Estado de pérdida | Estado dañado | No para préstamo | Localización permanente | Ubicación/localización actual | Fecha de adquisición | Número de inventario | Total de préstamos | Signatura topográfica completa | Código de barras | Fecha visto por última vez | Precio válido a partir de | Tipo de ítem Koha |
|---|---|---|---|---|---|---|---|---|---|---|---|---|---|
| El ejemplar forma parte de la colección y puede ser consultado según las políticas vigentes. | Biblioteca del Museo Franz Mayer (Rogerio Casas-Alatriste) | Biblioteca del Museo Franz Mayer (Rogerio Casas-Alatriste) | 26/04/2013 | R18 | DP171 .I38 1951 (R18) | 8092 | 22/03/2019 | 22/03/2019 | Libros |